Statystyki dla Wszystkie Kopalnie w Heroes of Might and Magic V

Kliknij tutaj aby rozwiązać quiz!

Ogólne statystyki

  • Ten quiz został rozwiązany 68 razy
  • Średni wynik to 3 z 9

Statystyki odpowiedzi

HintOdpowiedź% Poprawnych
1Tartak
89%
2Kopalnia Rudy
73%
7Kopalnia Złota
73%
9Opuszczona Kopalnia
27%
6Skład Siarki
18%
5Laboratorium Alchemika
16%
8Labirynt Krasnoludów
10%
4Kopalnia Krysztexów
3%
3Kopalnia Pierdolniczków
2%

Rozkład punktacji

Percentyl według liczby udzielonych odpowiedzi

Procent ludzi z każdym wynikiem

Twoja historia wyników

Nie rozwiązałeś tego quizu